Score 0/20 Timer 03:00
0 Plays Today
Rank 4-Digit Number % Correct
11234
97%
21111
93%
57777
93%
92222
93%
84444
92%
119999
92%
123333
92%
135555
92%
178888
92%
146666
91%
Rank 4-Digit Number % Correct
30000
88%
184321
67%
201010
67%
41212
60%
161313
34%
151122
32%
72000
31%
106969
25%
192001
19%
61004
9%

You're not logged in!

Compare scores with friends on all Sporcle quizzes.
OR
Log In

Sporcle TV

Today on Sporcle TV


Watch our educational content, quiz creation guides, and fun videos on Sporcle TV.

Show Comments

Extras

Top Quizzes Today


Score Distribution

Paid Content

Your Account Isn't Verified!

In order to create a playlist on Sporcle, you need to verify the email address you used during registration. Go to your Sporcle Settings to finish the process.

Report this User

Report this user for behavior that violates our Community Guidelines.

Details: